[Event "Saratov Shestoperov Memorial"]
[Site "Saratov"]
[Date "2014.06.17"]
[Round "2"]
[White "Lysenko, Margarita"]
[Black "Khatkevich, Alexandr"]
[Result "1/2-1/2"]
[WhiteElo "1862"]
[BlackElo "2082"]
[PlyCount "120"]
[EventDate "2014.06.16"]
[EventType "swiss"]
[EventRounds "9"]
[EventCountry "RUS"]
[SourceTitle "CBM 161 Extra"]
[Source "ChessBase"]
[SourceDate "2014.08.29"]
[SourceVersion "1"]
[SourceVersionDate "2014.08.29"]
[SourceQuality "1"]

1. d4 d5 2. c4 e6 3. cxd5 exd5 4. Nc3 c6 5. Nf3 Nf6 6. Bg5 Be7 7. e3 Bf5 8. Bd3 Bxd3 9. Qxd3 Nbd7 10. 0-0 0-0 11. h3 Ne4 12. Bxe7 Qxe7 13. Nd2 f5 14. f3 Nxd2 15. Qxd2 Nb6 16. b3 a5 17. a4 Nd7 18. Qd3 Rae8 19. Rae1 Nf6 20. Rf2 Qb4 21. Rfe2 Nh5 22. Na2 Qb6 23. Qc3 Re7 24. Nc1 Rfe8 25. Kf2 Qc7 26. Nd3 Ng3 27. Rc2 h5 28. Ne5 h4 29. b4 axb4 30. Qxb4 Re6 31. Rb1 Rxe5 32. dxe5 Qxe5 33. Qd4 Qe7 34. Qc5 Qg5 35. Qd4 Nh5 36. Rcb2 f4 37. Re2 Ng3 38. Ree1 Qg6 39. Rb2 Nh5 40. Kf1 Qe6 41. Kf2 c5 42. Qxc5 Qe5 43. Rd2 Nf6 44. Qd4 fxe3+ 45. Rxe3 Qg3+ 46. Kf1 Rc8 47. Re1 Qg5 48. Qe3 Qxe3 49. Rxe3 Rc4 50. Rb3 Rxa4 51. Rxb7 Nh5 52. Rb1 d4 53. Rbd1 Ng3+ 54. Kf2 Nf5 55. Re1 Kf7 56. Re4 Kf6 57. Re1 Kg5 58. Ke2 Ra3 59. Kf2 g6 60. Re4 Ra4 1/2-1/2